Word Ladder: Friendly Slapping Hand Gesture Quiz Stats

 Plays Quiz Updated Aug 21, 2012

Support Sporcle.
Go Orange.
Score 0/10 Timer 01:00
0 Plays Today
Hint Answer % Correct
Two-wheeled vehicle, for shortBIKE
94.6%
Use your teethBITE
92.5%
Deep exhalationSIGH
92.2%
Long, hard walk in the countrysideHIKE
91%
Bring on for a jobHIRE
91%
Flames and heatFIRE
90.6%
Up in the sky, in a way•HIGH•
87.5%
Place where something gets builtSITE
84.6%
Darth Vader or Darth Maul, e.g.SITH
77%
Fast ____, Vin Diesel movie•FIVE•
54.8%

Today's Daily Dose

Word Ladder
ING Words

Get the Picture
Nearest Volcano

From the Vault

Funny TV Fathers

by qlh27

Anyone can be a father, but it takes a lot to be a daddy.
Remove Ads.
Support Sporcle.
Get the best of Sporcle when you Go Orange. This ad-free experience offers more features, more stats, and more fun while also helping to support Sporcle. Thank you for becoming a member.

Show Comments

Extras

Top Quizzes Today


Score Distribution

Your Account Isn't Verified!

In order to create a playlist on Sporcle, you need to verify the email address you used during registration. Go to your Sporcle Settings to finish the process.

Report this User

Report this user for behavior that violates our Community Guidelines.

Details: